ბათუმის შოთა რუსთაველის სახელმწიფო უნივერსიტეტის ბიბლიოთეკა

მუჰაჯირთა შთამომავლებთან / (ბიბ.ჩანაწერი № 51420)

000 -ლიდერი
ფიქსირებული სიგრძის საკონტროლო ველი 02177nam a2200301Ia 4500
001 - საკონტროლო ნომერი
საკონტროლო ველი 18406
003 - საკონტროლო ნომრის იდენტიფიკატორი
საკონტროლო ველი GE_BSU
005 - ბოლო ოპერაციის თარიღი და დრო
საკონტროლო ველი 20260327163209.0
008 - ფიქსირებული სიგრძის მონაცემთა ელემენტები - ზოგადი ინფორმაცია
ფიქსირებული სიგრძის საკონტროლო ველი 181216s2016||||ge |||||||||||||| ||geo||
020 ## - წიგნის საერთაშორისო სტანდარტული ნომერი
International Standard Book Number 9789941460258
040 ## - კატალოგიზაციის წყარო
Transcribing agency GE_BSU
041 ## - ენის კოდი
Language code of text/sound track or separate title geo
080 ## - უნივერსალური ათობითი კლასიფიკაციის ინდექსი
Universal Decimal Classification number 811.353.1'282+94(479.223)(560) ფ-32
100 ## - მთავარი ჩანაწერი - პიროვნების სახელი
Personal name ფაღავა, მამია
9 (RLIN) 27228
245 ## - ცნობა სათაურის შესახებ
Title მუჰაჯირთა შთამომავლებთან /
Statement of responsibility, etc მამია ფაღავა; რედაქტორები: მალხაზ ჩოხარაძე, ზაზა შაშიკაძე; ბათუმის შოთა რუსთაველის სახელმწ. უნ-ტი, ჰუმანიტარულ მეცნიერებათა ფაკ-ტი, ქართველოლოგიის ცენტრი.
245 ## - ცნობა სათაურის შესახებ
Statement of responsibility, etc სარედ.საბჭო:მამია ფაღავა,ზაზა შაშიკაძე და სხვ,რედ: მალხაზ ჩოხარაძე,ზაზა შაშიკაძე
264 ## - წარმოების, გამოცემის, დისტრიბუციის და სხვა ცნობები
გამოცემის, წარმოების, დისტრიბუციის... ადგილი ბათუმი :
გამოცემის, წარმოების, დისტრიბუციის... სახელწოდება ს.ს. ”გამომცემლობა აჭარა”,
გამოცემის, წარმოების, დისტრიბუციის... თარიღი 2016.
300 ## - ფიზიკური აღწერა
Extent 493 გვ.;
Other physical details 20 სმ.
490 ## - სერიის ცნობა
Series statement ისტორიულ სამხრეთ საქართველოს ყოფა და კულტურა ; 6
504 ## - BIBLIOGRAPHY, ETC. NOTE
Bibliography, etc ბიბლიოგრ. ტექსტის შენიშვნებში.
653 ## - INDEX TERM--UNCONTROLLED
Uncontrolled term თურქეთში მცხოვრებ ქართველთა ყოფა-ცხოვრება
653 ## - INDEX TERM--UNCONTROLLED
Uncontrolled term ქართველები თურქეთში
653 ## - INDEX TERM--UNCONTROLLED
Uncontrolled term ქართული ენის დიალექტები
700 ## - ADDED ENTRY--PERSONAL NAME
Personal name ჩოხარაძე, მალხაზ
Relator term რედაქტორი
9 (RLIN) 27229
700 ## - ADDED ENTRY--PERSONAL NAME
Personal name შაშიკაძე, ზაზა
Relator term რედაქტორი
9 (RLIN) 27230
710 ## - ADDED ENTRY--CORPORATE NAME
Corporate name or jurisdiction name as entry element ბსუ.
Subordinate unit ჰუმანიტარულ მეცნიერებათა ფაკ-ტი. ქართველოლოგიის ცენტრი.
9 (RLIN) 27231
942 ## - ADDED ENTRY ELEMENTS (KOHA)
Koha item type წიგნი
Source of classification or shelving scheme
ეგზემპლარები
ჩამოწერის სტატუსი დაკარგული ეგზემპლარის სტატუსი კლასიფიკაციის წყარო ან თაროზე გაწყობის სქემა დაზიანების სტატუსი არ გაიცემა მუდმივი მდებარეობა (დაცვის ადგილი) ამჟამინდელი ადგილსამყოფელი თაროზე განთავსების ადგილი შეძენის თარიღი სრული შენახვის შიფრი შტრიხკოდი ბოლო ოპერაციის თარიღი ეგზემპლარის მიმდევრობითი ნომერი (კეტერი?) ფასის ძალაში შესვლის თარიღი ეგზემპლარის სახეობა
          ბათუმის შოთა რუსთაველის სახელმწიფო უნივერსიტეტის მთავარი ბიბლიოთეკა ბათუმის შოთა რუსთაველის სახელმწიფო უნივერსიტეტის მთავარი ბიბლიოთეკა წიგნსაცავი 2018-12-17 811.353.1'282+94(479.223)(560) ფ-32 47232 2018-12-17 47232 2018-12-17 წიგნი